[Event "Verbandsliga Sued Baden 9899"]
[Site "Germany"]
[Date "1999.04.18"]
[Round "9.1"]
[White "Novkovic, Milan"]
[Black "Pape, Joerg"]
[Result "1-0"]
[WhiteElo "2400"]
[BlackElo "2245"]
[PlyCount "49"]
[EventDate "1998.10.??"]
[EventType "team"]
[EventRounds "9"]
[EventCountry "GER"]
[SourceTitle "EXT 2004"]
[Source "ChessBase"]
[SourceDate "2003.11.25"]
[SourceVersion "1"]
[SourceVersionDate "2003.11.25"]
[SourceQuality "1"]
[WhiteTeam "Zell"]
[BlackTeam "Donaueschingen"]
[WhiteTeamCountry "GER"]
[BlackTeamCountry "GER"]

1. d4 Nf6 2. c4 c5 3. d5 e6 4. Nc3 exd5 5. cxd5 g6 6. Nf3 Bg7 7. Bg5 0-0 8. e3 Qa5 9. Nd2 b5 10. a4 b4 11. Nc4 Qa6 12. Nb5 Qb7 13. Be2 Qxd5 14. Qxd5 Nxd5 15. Bf3 Bb7 16. Rd1 Nb6 17. Bxb7 Nxc4 18. Bxa8 Nxb2 19. Nxa7 Nxd1 20. Kxd1 Nc6 21. Bxc6 dxc6 22. Be7 Rb8 23. Bxc5 b3 24. Ke2 f5 25. Nxc6 1-0

[Event "Verbandsliga Sued Baden 9899"]
[Site "Germany"]
[Date "1999.03.14"]
[Round "8.1"]
[White "Pape, Joerg"]
[Black "Goldstern, Filip Daniel"]
[Result "0-1"]
[WhiteElo "2245"]
[BlackElo "2355"]
[PlyCount "146"]
[EventDate "1998.10.??"]
[EventType "team"]
[EventRounds "9"]
[EventCountry "GER"]
[SourceTitle "EXT 2004"]
[Source "ChessBase"]
[SourceDate "2003.11.25"]
[SourceVersion "1"]
[SourceVersionDate "2003.11.25"]
[SourceQuality "1"]
[WhiteTeam "Donaueschingen"]
[BlackTeam "Gottmadingen"]
[WhiteTeamCountry "GER"]
[BlackTeamCountry "GER"]

1. e4 c5 2. Nc3 Nc6 3. Nf3 e6 4. Bb5 Nge7 5. 0-0 a6 6. Bxc6 Nxc6 7. d4 cxd4 8. Nxd4 Qc7 9. Kh1 b5 10. f4 Bb7 11. Be3 Nxd4 12. Qxd4 b4 13. Ne2 Qxc2 14. Ng3 f6 15. Rac1 Qa4 16. Rc7 Bc6 17. Rc1 Rd8 18. b3 Qb5 19. Ra7 Be7 20. Qc4 Qxc4 21. bxc4 Ra8 22. Rxa8+ Bxa8 23. e5 Kf7 24. Kg1 Rc8 25. c5 Bd5 26. Rc2 a5 27. Nf1 a4 28. Bd4 b3 29. axb3 axb3 30. Rc1 fxe5 31. fxe5 Bg5 32. Ne3 Bxe3+ 33. Bxe3 Ra8 34. Bd4 Ra2 35. Rf1+ Kg6 36. Rf2 Ra4 37. Bb2 Rc4 38. Ba3 Re4 39. Bb2 Re1+ 40. Rf1 Re2 41. Rf2 Re3 42. g3 Rd3 43. Rf4 h6 44. Rg4+ Kf7 45. Rf4+ Kg8 46. Rd4 Re3 47. Rd2 Re1+ 48. Kf2 Rh1 49. Ke3 Kf7 50. Rf2+ Kg6 51. Bc3 Rc1 52. Kd3 Rd1+ 53. Rd2 Rf1 54. Ke2 Rh1 55. Ke3 Kf7 56. Bb2 Ke8 57. Rf2 Kd8 58. Kd2 Kc7 59. Kc3 Kc6 60. Kb4 Re1 61. Bd4 Re4 62. Kc3 Re1 63. Kb2 Kb5 64. Bc3 Rh1 65. Bd4 Kc4 66. Be3 Kd3 67. Bd2 Kd4 68. Bb4 g5 69. Re2 Kc4 70. Be1 Bf3 71. Re3 Rxh2+ 72. Kb1 Bd5 73. Rc3+ Kd4 0-1

[Event "Stuttgart-ch"]
[Site "Stuttgart"]
[Date "1998.??.??"]
[Round "7"]
[White "Duppel, Matthias"]
[Black "Pape, Joerg"]
[Result "1-0"]
[WhiteElo "2255"]
[BlackElo "2245"]
[PlyCount "53"]
[EventDate "1998.??.??"]
[EventType "swiss"]
[EventRounds "7"]
[EventCountry "GER"]
[SourceTitle "EXT 2002"]
[Source "ChessBase"]
[SourceDate "2001.11.25"]
[SourceVersion "1"]
[SourceVersionDate "2001.11.25"]
[SourceQuality "1"]

1. Nf3 d6 2. d4 Nd7 3. e4 g6 4. Nc3 Bg7 5. Be2 e5 6. 0-0 Ne7 7. Be3 0-0 8. a4 h6 9. dxe5 dxe5 10. a5 Kh7 11. Nd2 g5 12. Nc4 Ng6 13. Bg4 Bf6 14. Nb5 a6 15. Na7 b5 16. Nxc8 Nb8 17. Qxd8 Rxd8 18. N4b6 cxb6 19. Nxb6 Nc6 20. Nxa8 Rxa8 21. c3 b4 22. Rfd1 Bd8 23. Bb6 bxc3 24. bxc3 Kg7 25. Rd6 Nge7 26. Bd7 Na7 27. Ba4 1-0

[Event "Crailsheim op 4th"]
[Site "Crailsheim"]
[Date "1998.??.??"]
[Round "?"]
[White "Herzog, Klaus"]
[Black "Pape, Joerg"]
[Result "0-1"]
[WhiteElo "2105"]
[BlackElo "2230"]
[PlyCount "92"]
[EventDate "1998.05.??"]
[EventType "swiss"]
[EventRounds "7"]
[EventCountry "GER"]
[SourceTitle "EXT 2006"]
[Source "ChessBase"]
[SourceDate "2005.11.24"]
[SourceVersion "1"]
[SourceVersionDate "2005.11.24"]
[SourceQuality "1"]

1. d4 Nf6 2. Nf3 c5 3. d5 g6 4. c4 Bg7 5. Nc3 0-0 6. e4 d6 7. Be2 a6 8. a4 e5 9. h3 h6 10. Be3 Qa5 11. Qd2 Kh7 12. g4 Ng8 13. Bd3 Nd7 14. Ne2 Qd8 15. Ng3 Re8 16. Qc2 Nf8 17. Nd2 Bd7 18. 0-0 Bf6 19. Kg2 Kg7 20. f4 Qe7 21. f5 Nh7 22. Nf3 Ng5 23. Nd2 Rab8 24. a5 Nh7 25. b4 cxb4 26. Rfb1 Bg5 27. Bf2 Ngf6 28. Rxb4 Bf4 29. Ne2 gxf5 30. Nxf4 fxg4 31. Ne2 gxh3+ 32. Kh1 Ng4 33. Bg3 Ne3 34. Qb1 Bg4 35. Qg1 Qg5 36. Qf2 Nxd5 37. exd5 Qxd2 38. Bxh7 Qxb4 39. Rf1 f5 40. Bxf5 Rf8 41. Nd4 Qxc4 42. Ne6+ Kh8 43. Nxf8 Rxf8 44. Rg1 Qxd5+ 45. Kh2 Rxf5 46. Qe3 Qa2+ 0-1

[Event "Crailsheim op 4th"]
[Site "Crailsheim"]
[Date "1998.??.??"]
[Round "?"]
[White "Nussbaecher, Andreas"]
[Black "Pape, Joerg"]
[Result "1-0"]
[WhiteElo "2080"]
[BlackElo "2230"]
[PlyCount "93"]
[EventDate "1998.05.??"]
[EventType "swiss"]
[EventRounds "7"]
[EventCountry "GER"]
[SourceTitle "EXT 2006"]
[Source "ChessBase"]
[SourceDate "2005.11.24"]
[SourceVersion "1"]
[SourceVersionDate "2005.11.24"]
[SourceQuality "1"]

1. d4 Nf6 2. c4 c5 3. d5 e6 4. Nc3 exd5 5. cxd5 d6 6. e4 g6 7. f4 Bg7 8. Bb5+ Nbd7 9. e5 dxe5 10. fxe5 Nh5 11. Nf3 0-0 12. e6 Ne5 13. 0-0 fxe6 14. Nxe5 Bxe5 15. Rxf8+ Qxf8 16. Bc4 Qe7 17. Qe2 Qd6 18. g4 Bd4+ 19. Kh1 Ng7 20. Nb5 Qe5 21. Nxd4 Qxd4 22. dxe6 Kh8 23. Bh6 Qd6 24. Rd1 Qe7 25. Qe5 Bxe6 26. Bxg7+ Qxg7 27. Qxg7+ Kxg7 28. Bxe6 b5 29. Rd7+ Kf6 30. Bd5 Re8 31. Bf3 Re1+ 32. Kg2 Rb1 33. Rd2 a5 34. Bc6 b4 35. Bb5 Ke5 36. Kf3 Rc1 37. b3 Rg1 38. Bc4 Ra1 39. Ke3 h6 40. Kf2 Kf4 41. h3 Rc1 42. Bd3 Rc3 43. Ke2 Ke5 44. Rc2 Kd4 45. Rxc3 Kxc3 46. Bxg6 Kb2 47. Kd3 1-0

[Event "Oberliga Nord W 9697"]
[Site "Germany"]
[Date "1997.03.02"]
[Round "7.6"]
[White "Kiese, Matthias"]
[Black "Pape, Joerg"]
[Result "1-0"]
[WhiteElo "2165"]
[BlackElo "2265"]
[PlyCount "47"]
[EventDate "1996.10.??"]
[EventType "team"]
[EventRounds "9"]
[EventCountry "GER"]
[SourceTitle "EXT 2003"]
[Source "ChessBase"]
[SourceDate "2002.11.25"]
[SourceVersion "1"]
[SourceVersionDate "2002.11.25"]
[SourceQuality "1"]
[WhiteTeam "Hannover Post"]
[BlackTeam "Hameln"]
[WhiteTeamCountry "GER"]
[BlackTeamCountry "GER"]

1. d4 Nf6 2. c4 c5 3. d5 e5 4. Nc3 d6 5. e4 Be7 6. Nge2 0-0 7. Ng3 Ne8 8. h4 Kh8 9. Nf5 Bf6 10. g4 g6 11. Nh6 Bxh4 12. Qf3 Qf6 13. Qe3 g5 14. Nf5 Bxf5 15. exf5 Qh6 16. Ne4 Nf6 17. Rxh4 Qxh4 18. Nxf6 h6 19. Bd2 Kg7 20. Nh5+ Kh8 21. Qe4 Nd7 22. Bd3 Rg8 23. Ke2 Nf6 24. Nxf6 1-0

[Event "Staufer op 09th"]
[Site "Schwaebisch Gmuend"]
[Date "1997.??.??"]
[Round "6"]
[White "Pape, Joerg"]
[Black "Adamski, Jan"]
[Result "1-0"]
[WhiteElo "2200"]
[BlackElo "2395"]
[PlyCount "117"]
[EventDate "1997.01.??"]
[EventType "swiss"]
[EventRounds "9"]
[EventCountry "GER"]
[SourceTitle "EXT 1998"]
[Source "ChessBase"]
[SourceDate "1997.11.17"]
[SourceVersion "1"]
[SourceVersionDate "1997.11.17"]
[SourceQuality "1"]

1. d4 Nf6 2. Nc3 d5 3. Bg5 Nbd7 4. Nf3 g6 5. e3 Bg7 6. Bd3 0-0 7. 0-0 c5 8. Re1 b6 9. b3 Bb7 10. Ne2 Re8 11. c3 e5 12. Bb5 exd4 13. cxd4 a6 14. Bd3 Rc8 15. Rc1 b5 16. dxc5 Nxc5 17. Bb1 b4 18. Qd4 Qb6 19. Qh4 Nce4 20. Ned4 Nxg5 21. Qxg5 Ne4 22. Qf4 Nc3 23. h4 Qf6 24. Qg4 Qd6 25. h5 Rc7 26. h6 Bc8 27. Bf5 Ne2+ 28. Nxe2 Bxf5 29. Qf4 Qxf4 30. Nxf4 Rxc1 31. Rxc1 Bxh6 32. Nxd5 Kf8 33. Nd4 Be6 34. Nc7 Re7 35. Ndxe6+ fxe6 36. Nxa6 Rb7 37. Rc4 Bg5 38. Nxb4 Ra7 39. Rc2 Bf6 40. Kf1 h5 41. Ke2 g5 42. Nd3 Ke7 43. a4 e5 44. e4 g4 45. Nb4 Kf7 46. Nd5 h4 47. Rc7+ Rxc7 48. Nxc7 Be7 49. Nd5 Bc5 50. b4 Bd4 51. Ne3 Bxe3 52. Kxe3 Ke6 53. a5 Kd6 54. Ke2 Kc6 55. Kf1 Kb5 56. Kg1 Ka6 57. Kh2 Kb5 58. f3 gxf3 59. gxf3 1-0

[Event "Dresden op 06th"]
[Site "Dresden"]
[Date "1997.??.??"]
[Round "9"]
[White "Pape, Joerg"]
[Black "Holzke, Frank"]
[Result "1/2-1/2"]
[WhiteElo "2245"]
[BlackElo "2400"]
[PlyCount "40"]
[EventDate "1997.07.??"]
[EventType "swiss"]
[EventRounds "9"]
[EventCountry "GER"]
[SourceTitle "EXT 1998"]
[Source "ChessBase"]
[SourceDate "1997.11.17"]
[SourceVersion "1"]
[SourceVersionDate "1997.11.17"]
[SourceQuality "1"]

1. d4 Nf6 2. Nc3 d5 3. Bg5 e6 4. e3 Be7 5. Nf3 Nbd7 6. Bd3 h6 7. Bf4 Nh5 8. Ne5 Nxf4 9. exf4 c5 10. f5 Nxe5 11. dxe5 exf5 12. Nxd5 0-0 13. Qf3 Be6 14. Nxe7+ Qxe7 15. 0-0 g6 16. Rfe1 Rad8 17. Rad1 Rd5 18. Bf1 Rfd8 19. Rxd5 Rxd5 20. g3 b6 1/2-1/2

[Event "Staufer op 09th"]
[Site "Schwaebisch Gmuend"]
[Date "1997.??.??"]
[Round "9"]
[White "Pape, Joerg"]
[Black "Metz, Hartmut"]
[Result "1-0"]
[WhiteElo "2200"]
[BlackElo "2310"]
[PlyCount "97"]
[EventDate "1997.01.??"]
[EventType "swiss"]
[EventRounds "9"]
[EventCountry "GER"]
[SourceTitle "EXT 1998"]
[Source "ChessBase"]
[SourceDate "1997.11.17"]
[SourceVersion "1"]
[SourceVersionDate "1997.11.17"]
[SourceQuality "1"]

1. e4 c6 2. d3 d5 3. Nd2 e5 4. g3 Nf6 5. Bg2 Bd6 6. Ne2 0-0 7. 0-0 Qc7 8. Nc3 Be6 9. exd5 Nxd5 10. Nde4 Nxc3 11. bxc3 Be7 12. c4 Nd7 13. Rb1 Nc5 14. Ng5 Bf5 15. Qe1 Rfe8 16. Qc3 Rad8 17. Re1 f6 18. Ne4 Ne6 19. Be3 Nd4 20. f4 Bg4 21. fxe5 fxe5 22. Qb2 b6 23. Rf1 Qd7 24. Rf2 Rf8 25. Rbf1 Rxf2 26. Rxf2 Rf8 27. a4 Rxf2 28. Nxf2 Bc5 29. Kh1 Qf5 30. c3 Ne6 31. d4 exd4 32. cxd4 Bxd4 33. Bxd4 Nxd4 34. h3 Qe5 35. hxg4 h5 36. Qd2 hxg4 37. Nxg4 Qh5+ 38. Nh2 c5 39. Bd5+ Kh8 40. Qf4 Qd1+ 41. Nf1 Qh5+ 42. Kg2 Qe2+ 43. Kg1 Kh7 44. Be4+ Kg8 45. Qb8+ Kf7 46. Qxa7+ Kf6 47. Bd5 Qe5 48. Qxb6+ Kg5 49. Qd8+ 1-0

[Event "Staufer op 09th"]
[Site "Schwaebisch Gmuend"]
[Date "1997.??.??"]
[Round "4"]
[White "Pape, Joerg"]
[Black "Podzielny, Karl Heinz"]
[Result "0-1"]
[WhiteElo "2200"]
[BlackElo "2490"]
[PlyCount "81"]
[EventDate "1997.01.??"]
[EventType "swiss"]
[EventRounds "9"]
[EventCountry "GER"]
[SourceTitle "EXT 1998"]
[Source "ChessBase"]
[SourceDate "1997.11.17"]
[SourceVersion "1"]
[SourceVersionDate "1997.11.17"]
[SourceQuality "1"]

1. e4 c5 2. Nc3 Nc6 3. d3 g6 4. f4 d6 5. Nf3 Bg7 6. Be2 Rb8 7. a4 a6 8. 0-0 b5 9. axb5 axb5 10. Qe1 b4 11. Nd5 e6 12. Ne3 Nge7 13. Kh1 0-0 14. Nc4 d5 15. Nce5 Bb7 16. Qh4 f6 17. Nxc6 Bxc6 18. Qh3 Bd7 19. g4 Ra8 20. Be3 Qc7 21. Nd2 Rxa1 22. Rxa1 d4 23. Bg1 Qxf4 24. Nf3 Qc7 25. Bf2 e5 26. Qg2 Qb7 27. Bh4 g5 28. Be1 Ra8 29. Rb1 Ng6 30. Bd2 Ra2 31. h4 h6 32. h5 Nf8 33. Kh2 Be6 34. Kg3 Nd7 35. Qf1 c4 36. b3 c3 37. Bxg5 fxg5 38. Qc1 Bf6 39. Ra1 Qa7 40. Rb1 Nc5 41. Qd1 0-1

[Event "Oberliga Nord W 9697"]
[Site "Germany"]
[Date "1996.11.17"]
[Round "2.5"]
[White "Olzem, Lothar"]
[Black "Pape, Joerg"]
[Result "1/2-1/2"]
[WhiteElo "2215"]
[BlackElo "2265"]
[PlyCount "64"]
[EventDate "1996.10.??"]
[EventType "team"]
[EventRounds "9"]
[EventCountry "GER"]
[SourceTitle "EXT 2003"]
[Source "ChessBase"]
[SourceDate "2002.11.25"]
[SourceVersion "1"]
[SourceVersionDate "2002.11.25"]
[SourceQuality "1"]
[WhiteTeam "Braunschweig SF"]
[BlackTeam "Hameln"]
[WhiteTeamCountry "GER"]
[BlackTeamCountry "GER"]

1. e4 c5 2. Nf3 e6 3. d4 cxd4 4. Nxd4 a6 5. Nc3 Ne7 6. Bd3 Nbc6 7. Nde2 Ne5 8. Be3 N7g6 9. f4 Nxd3+ 10. Qxd3 b5 11. 0-0-0 Qa5 12. Nd4 Bb4 13. Nb3 Qc7 14. Ne2 0-0 15. h4 e5 16. g3 h5 17. f5 Ne7 18. a3 Ba5 19. Bc5 Re8 20. Qf3 Bb6 21. Bd6 Qc6 22. Nc3 Bb7 23. Bxe5 f6 24. Bf4 Nxf5 25. Qxh5 Ne3 26. Rd6 Qc4 27. Nd2 Qc5 28. Qg6 Rac8 29. Rxf6 Ba5 30. Bd6 Qd4 31. Qf7+ Kh8 32. Qh5+ Kg8 1/2-1/2

[Event "Verbandsliga Sued Baden 9697"]
[Site "Baden"]
[Date "1996.09.29"]
[Round "1.1"]
[White "Novkovic, Milan"]
[Black "Pape, Joerg"]
[Result "0-1"]
[WhiteElo "2395"]
[BlackElo "2265"]
[PlyCount "102"]
[EventDate "1996.10.??"]
[EventType "team"]
[EventRounds "9"]
[EventCountry "GER"]
[SourceTitle "EXT 2002"]
[Source "ChessBase"]
[SourceDate "2001.11.25"]
[SourceVersion "1"]
[SourceVersionDate "2001.11.25"]
[SourceQuality "1"]
[WhiteTeam "Zell"]
[BlackTeam "Donaueschingen"]
[WhiteTeamCountry "GER"]
[BlackTeamCountry "GER"]

1. c4 e5 2. Nc3 d6 3. g3 Be6 4. Bg2 c6 5. b3 Be7 6. Bb2 f5 7. d4 Qa5 8. d5 Bf7 9. dxc6 bxc6 10. Nf3 e4 11. Nd4 Bf6 12. 0-0 Ne7 13. f3 exf3 14. Bxf3 0-0 15. Qd2 Nd7 16. Rad1 Qb6 17. e4 Rad8 18. Na4 Qa6 19. exf5 Ne5 20. Be2 Qc8 21. g4 h6 22. Nc3 Bg5 23. Qe1 d5 24. c5 Rde8 25. Qg3 Nd7 26. Na4 Kh8 27. Bc1 Bf6 28. Bf3 Ng8 29. Bf4 Ne5 30. Bg2 g5 31. fxg6 Bxg6 32. Bh3 Qd8 33. Bxe5 Bxe5 34. Nxc6 Rxf1+ 35. Bxf1 Bxg3 36. Nxd8 Bh4 37. Nc6 Nf6 38. h3 h5 39. Nxa7 hxg4 40. Nc3 gxh3 41. c6 Bf5 42. Kh2 Re3 43. Nab5 Ng4+ 44. Kg1 h2+ 45. Kh1 Nf2+ 46. Kxh2 Nxd1 47. Nxd1 Re1 48. Bh3 Be4 49. Bg2 Rxd1 50. Bxe4 dxe4 51. Na3 Rd6 0-1

[Event "Verbandsliga Sued Baden 9596"]
[Site "Germany"]
[Date "1996.01.14"]
[Round "5.1"]
[White "Pape, Joerg"]
[Black "Kallai, Gabor"]
[Result "1/2-1/2"]
[WhiteElo "2325"]
[BlackElo "2490"]
[PlyCount "61"]
[EventDate "1995.10.??"]
[EventType "team"]
[EventRounds "9"]
[EventCountry "GER"]
[SourceTitle "EXT 2004"]
[Source "ChessBase"]
[SourceDate "2003.11.25"]
[SourceVersion "1"]
[SourceVersionDate "2003.11.25"]
[SourceQuality "1"]
[WhiteTeam "Donaueschingen"]
[BlackTeam "Kehl"]
[WhiteTeamCountry "GER"]
[BlackTeamCountry "GER"]

1. d4 d5 2. e4 dxe4 3. Nc3 e5 4. dxe5 Qxd1+ 5. Kxd1 Nc6 6. Bf4 Bf5 7. Bc4 Nge7 8. Bg3 Ng6 9. f4 exf3 10. Nxf3 h5 11. h3 h4 12. Bh2 Bc5 13. Re1 Rd8+ 14. Kc1 Bf2 15. Rf1 Be3+ 16. Kb1 0-0 17. Nd5 Bd4 18. Nxd4 Nxd4 19. Ne3 Be4 20. a4 Rde8 21. Bd5 Bxd5 22. Nxd5 c6 23. Nc3 Nxe5 24. Rf4 c5 25. Rxh4 Ng6 26. Rh5 b6 27. Bg3 Re6 28. a5 Rd8 29. axb6 axb6 30. Ra6 f5 31. Rg5 1/2-1/2

[Event "BL2-Nord 9596"]
[Site "Germany"]
[Date "1996.??.??"]
[Round "?.4"]
[White "Meissner, Hans Juergen"]
[Black "Pape, Joerg"]
[Result "1-0"]
[WhiteElo "2255"]
[BlackElo "2325"]
[PlyCount "120"]
[EventDate "1995.10.??"]
[EventType "team-tourn"]
[EventRounds "9"]
[EventCountry "GER"]
[SourceTitle "GER-chT2"]
[Source "ChessBase"]
[SourceDate "1999.07.01"]
[SourceVersion "1"]
[SourceVersionDate "1999.07.01"]
[SourceQuality "1"]
[WhiteTeam "Berlin Empor II"]
[BlackTeam "Hameln"]
[WhiteTeamCountry "GER"]
[BlackTeamCountry "GER"]

1. e4 Nf6 2. d3 d6 3. Nf3 g6 4. Be2 Bg7 5. 0-0 0-0 6. Re1 e5 7. Bf1 Nc6 8. c3 Ne8 9. b4 Kh8 10. b5 Ne7 11. d4 Bg4 12. dxe5 Bxe5 13. h3 Bxf3 14. Qxf3 Qc8 15. Nd2 c6 16. Nc4 Bg7 17. a4 f5 18. e5 d5 19. Nd6 Nxd6 20. exd6 Ng8 21. Ba3 Qd7 22. Rad1 Rfe8 23. c4 dxc4 24. Bxc4 Nf6 25. Re7 Rxe7 26. dxe7 Qc7 27. bxc6 bxc6 28. Bf7 Ne8 29. Rc1 Bf6 30. Rxc6 Qb7 31. Ba2 Bxe7 32. Qc3+ Ng7 33. Rc7 Bf6 34. Qc4 Qe4 35. Qxe4 fxe4 36. g4 a5 37. Bd5 Re8 38. Ra7 Bc3 39. Be7 Bd4 40. Rb7 e3 41. fxe3 Bxe3+ 42. Kg2 Bd4 43. Kf3 Bc3 44. Rc7 Be5 45. Rd7 Bc3 46. Bf7 Rc8 47. Rd8+ Rxd8 48. Bxd8 Bd2 49. Ke4 Bb4 50. Kd4 h5 51. Kc4 Kh7 52. Kb5 hxg4 53. hxg4 Kh6 54. Bxa5 Bxa5 55. Kxa5 Kg5 56. Kb6 Kf6 57. Bb3 Ne8 58. a5 Nd6 59. a6 Nc8+ 60. Kc7 Na7 1-0

[Event "Oberliga Nord W 9495"]
[Site "Germany"]
[Date "1995.05.15"]
[Round "9.4"]
[White "Pape, Joerg"]
[Black "Brettschneider, Stefan"]
[Result "1/2-1/2"]
[WhiteElo "2310"]
[BlackElo "2195"]
[PlyCount "81"]
[EventDate "1994.10.??"]
[EventType "team"]
[EventRounds "9"]
[EventCountry "GER"]
[SourceTitle "EXT 2003"]
[Source "ChessBase"]
[SourceDate "2002.11.25"]
[SourceVersion "1"]
[SourceVersionDate "2002.11.25"]
[SourceQuality "1"]
[WhiteTeam "Hameln"]
[BlackTeam "Gifhorn"]
[WhiteTeamCountry "GER"]
[BlackTeamCountry "GER"]

1. e4 g6 2. Nc3 Bg7 3. g3 d6 4. Bg2 c5 5. d3 Nc6 6. Be3 Rb8 7. Qd2 b5 8. Nge2 Nd4 9. 0-0 e6 10. Rae1 Ne7 11. Nc1 0-0 12. Nd1 b4 13. c3 bxc3 14. bxc3 Nb5 15. Ne2 Qa5 16. c4 Qxd2 17. Bxd2 Nd4 18. Ndc3 Nxe2+ 19. Rxe2 Rb2 20. Bc1 Rxe2 21. Nxe2 Bd7 22. Bf4 e5 23. Bd2 Rb8 24. Ba5 Rb2 25. Nc3 Rc2 26. Rb1 Nc6 27. Nd5 Nxa5 28. Rb8+ Bf8 29. Nf6+ Kg7 30. Nxd7 Be7 31. Ra8 Nc6 32. a4 Rc1+ 33. Bf1 Rb1 34. Rc8 Nb4 35. Kg2 Ra1 36. Rc7 Rxa4 37. Nxe5 dxe5 38. Rxe7 Kf6 39. Rc7 Ra5 40. f4 Ra2+ 41. Kf3 1/2-1/2

[Event "Oberliga Baden 9495"]
[Site "Germany"]
[Date "1995.03.26"]
[Round "8.2"]
[White "Mueller, Rudolf"]
[Black "Pape, Joerg"]
[Result "0-1"]
[WhiteElo "2320"]
[BlackElo "2310"]
[PlyCount "84"]
[EventDate "1994.10.??"]
[EventType "team"]
[EventRounds "9"]
[EventCountry "GER"]
[SourceTitle "EXT 2004"]
[Source "ChessBase"]
[SourceDate "2003.11.25"]
[SourceVersion "1"]
[SourceVersionDate "2003.11.25"]
[SourceQuality "1"]
[WhiteTeam "Karlsruhe II"]
[BlackTeam "Donaueschingen"]
[WhiteTeamCountry "GER"]
[BlackTeamCountry "GER"]

1. e4 d5 2. e5 Bf5 3. f4 e6 4. Nf3 Nd7 5. c4 dxc4 6. Bxc4 Nb6 7. Qb3 Ne7 8. Nc3 Qd7 9. d4 Bg4 10. Ne4 Bxf3 11. gxf3 Nf5 12. Bb5 c6 13. Be2 Nxd4 14. Qd3 0-0-0 15. Nd6+ Bxd6 16. Qxd4 Be7 17. Qf2 Bb4+ 18. Kf1 f6 19. Be3 Nd5 20. a3 Ba5 21. Rd1 Bb6 22. Rxd5 Qxd5 23. Bxb6 axb6 24. Qxb6 fxe5 25. Rg1 g6 26. Rg5 Qd4 27. Qb3 Rd5 28. Bc4 exf4 29. Bxd5 exd5 30. Qc2 Re8 31. b4 Qa1+ 32. Kg2 Qe1 33. Kh3 Re2 34. Qc5 Rxh2+ 35. Kxh2 Qh4+ 36. Kg2 Qxg5+ 37. Kf1 Qf6 38. a4 g5 39. a5 h5 40. Qa7 Qa1+ 41. Ke2 Qb2+ 42. Kd1 Qb3+ 0-1

[Event "Oberliga Nord W 9495"]
[Site "Germany"]
[Date "1995.03.05"]
[Round "6.5"]
[White "Pape, Joerg"]
[Black "Olzem, Lothar"]
[Result "1-0"]
[WhiteElo "2310"]
[BlackElo "2225"]
[PlyCount "113"]
[EventDate "1994.10.??"]
[EventType "team"]
[EventRounds "9"]
[EventCountry "GER"]
[SourceTitle "EXT 2003"]
[Source "ChessBase"]
[SourceDate "2002.11.25"]
[SourceVersion "1"]
[SourceVersionDate "2002.11.25"]
[SourceQuality "1"]
[WhiteTeam "Hameln"]
[BlackTeam "Braunschweig SF"]
[WhiteTeamCountry "GER"]
[BlackTeamCountry "GER"]

1. e4 c5 2. Nc3 g6 3. g3 Nc6 4. d3 Bg7 5. Be3 Qa5 6. Qd2 Nd4 7. Bg2 d6 8. f4 e5 9. Nf3 Bh3 10. 0-0 Bxg2 11. Kxg2 Ne7 12. fxe5 dxe5 13. Bh6 Nxf3 14. Rxf3 0-0 15. Raf1 f6 16. g4 Qa6 17. Be3 Qc6 18. Qf2 b6 19. h4 Rad8 20. b3 Rd6 21. Kh2 Qd7 22. Qg3 Kh8 23. h5 gxh5 24. gxh5 f5 25. Rg1 Rg8 26. Bg5 f4 27. Qh4 Nc6 28. h6 Nd4 29. Rh3 Rg6 30. hxg7+ Qxg7 31. Bf6 Nf3+ 32. Rxf3 Qxf6 33. Qxf6+ Rxf6 34. Rxg8+ Kxg8 35. Rh3 f3 36. Kg1 Rg6+ 37. Kf1 Rg2 38. Rxf3 Rxc2 39. Nb5 Rxa2 40. Rf2 Ra1+ 41. Kg2 Rb1 42. Nxa7 Rxb3 43. Rf3 Rc3 44. Nc6 c4 45. Nxe5 Rc2+ 46. Kf1 c3 47. d4 b5 48. Nc6 b4 49. Nxb4 Rd2 50. Rxc3 Rxd4 51. Nd5 Kf7 52. Re3 Ke6 53. Nf4+ Kf6 54. Kf2 Ra4 55. Kf3 Ra1 56. e5+ Kf5 57. e6 1-0

[Event "BL2-Nord 9596"]
[Site "Germany"]
[Date "1995.??.??"]
[Round "?.3"]
[White "Blauert, Joerg"]
[Black "Pape, Joerg"]
[Result "1-0"]
[WhiteElo "2390"]
[BlackElo "2325"]
[PlyCount "55"]
[EventDate "1995.10.??"]
[EventType "team-tourn"]
[EventRounds "9"]
[EventCountry "GER"]
[SourceTitle "GER-chT2"]
[Source "ChessBase"]
[SourceDate "1999.07.01"]
[SourceVersion "1"]
[SourceVersionDate "1999.07.01"]
[SourceQuality "1"]
[WhiteTeam "Luebeck"]
[BlackTeam "Hameln"]
[WhiteTeamCountry "GER"]
[BlackTeamCountry "GER"]

1. e4 Nf6 2. e5 Nd5 3. d4 d6 4. c4 Nb6 5. exd6 cxd6 6. Nc3 g6 7. h3 Bg7 8. Nf3 0-0 9. Be2 e5 10. 0-0 Nc6 11. Bg5 f6 12. Be3 f5 13. dxe5 dxe5 14. c5 Nd7 15. Bc4+ Kh8 16. Ng5 f4 17. Ne6 Qh4 18. Nxf8 Bxf8 19. Qd5 Ne7 20. Qf7 fxe3 21. fxe3 Qh6 22. Nd5 Nxd5 23. Qxd5 Qg7 24. Rf7 Nf6 25. Rxf6 Bd7 26. Raf1 Bc6 27. Rxf8+ Rxf8 28. Rxf8+ 1-0